| 000 | 00904nam a2200193 i 4500 | ||
|---|---|---|---|
| 001 | 101500 | ||
| 003 | ES-MaACL | ||
| 005 | 20230906182925.0 | ||
| 007 | t| | ||
| 008 | 051019s1963 sp ||||1| spa d | ||
| 245 | 0 | 0 |
_aMecanica del suelo para Ingenieros / _ctraducción de Luis Valero Alonso. |
| 260 |
_aMadrid : _bCentro de Estudios y Experimentación de Obras Públicas. Centro Bibliográfico, _c1963. |
||
| 300 |
_aXVIII, 659 p., 48 lám., 3 gráf. pleg. : _bil. ; _c25 cm. |
||
| 500 | _aPrecede al tít.: Department of Scientific and Industrial Research. Road Research Laboratory. | ||
| 700 | 1 |
_aValero Alonso, Luis. _9112661 |
|
| 710 | 2 |
_aCentro de Estudios y Experimentación de Obras Públicas. _bCentro Bibliográfico ( _cMadrid) _92685 |
|
| 710 | 1 |
_aGran Bretaña. _bDepartment of Scientific and Industrial Research. Road Research Laboratory. _94479 |
|
| 852 |
_aES-MaACL _jC-23063 _bR.51902 |
||
| 999 |
_c101500 _d101500 |
||